| 000 | 00671nam a2200181 a 4500 | ||
|---|---|---|---|
| 001 | 000047814 | ||
| 005 | 20250116120725.0 | ||
| 008 | 180817s2018 000 spa d | ||
| 020 | _a9789945908626 | ||
| 040 |
_aDO-SdBNP _bspa _cBNPHU |
||
| 082 |
_axx _bxx |
||
| 245 | 0 | 0 |
_aPersonas retornadas en condiciones de vulnerabilidad : _bdominicanos /as deportados /as desde los Estados Unidos (2012-2016). |
| 260 |
_aSanto Domingo : _bINMRD, _c2018. |
||
| 300 |
_a109 P. ; _c22 cm. |
||
| 500 | _aIncluye referencias bibliográficas y notas al pie de las páginas | ||
| 590 | _aInventariao, 2018/VM | ||
| 710 | 1 |
_a Instituto Nacional de Migración (República Dominicana) _975397 |
|
| 999 |
_c47302 _d47302 |
||